000 00687nam a22002177a 4500
003 UA-OsUOA
001 133359
007 ta
008 20181022b un ||||| |||| 00| 0 ukr d
100 _aГрабовський С.
090 _a94(477)
_bГ75
942 _cSA
040 _aUA-OsUOA
_bukr
_cUA-OsUOA
_dUA-OsUOA
245 _a"Прийшли росіяни - все було одразу розорено..." Хто і коли заснував ключові міста півдня України?
300 _aС.21
955 _a0
041 _aukr
080 _a94(477)
773 0 _w133355
650 7 _a9 Географія. Біографії. Історія
_2UDC
999 _c422097
_d422097